LEADER 02788nam 2200685 a 450 001 9910817009503321 005 20230802002325.0 010 $a9786613693082 010 $a9781280782695 010 $a1280782692 010 $a9783527639601 010 $a3527639608 010 $a9783527639595 010 $a3527639594 010 $a9783527639588 010 $a3527639586 035 $a(CKB)3280000000000387 035 $a(EBL)896074 035 $a(OCoLC)773301843 035 $a(SSID)ssj0000622285 035 $a(PQKBManifestationID)11389565 035 $a(PQKBTitleCode)TC0000622285 035 $a(PQKBWorkID)10642078 035 $a(PQKB)10610440 035 $a(MiAaPQ)EBC896074 035 $a(Au-PeEL)EBL896074 035 $a(CaPaEBR)ebr10575515 035 $a(CaONFJC)MIL369308 035 $a(Perlego)1010934 035 $a(EXLCZ)993280000000000387 100 $a20120713d2012 uy 0 101 0 $aeng 135 $aur|n|---||||| 181 $ctxt 182 $cc 183 $acr 200 00$aHierarchically structured porous materials $efrom nanoscience to catalysis, separation, optics, energy, and life science /$fedited by Bao-Lian Su, Cle?ment Sanchez, and Xiao-Yu Yang 205 $a2nd ed. 210 $aWeinheim, Germany $cWiley-VCH$d2012 215 $a1 online resource (679 p.) 300 $aDescription based upon print version of record. 311 08$a9783527327881 311 08$a3527327886 320 $aIncludes bibliographical references and index. 327 $apt. 1. Introduction -- pt. 2. Synthesis strategies to hierarchically structured porous materials -- pt. 3. Emerging applications of hierarchically structured porous materials -- pt. 4. Conclusion. 330 $aThis first book devoted to this hot field of science covers materials with bimodal, trimodal and multimodal pore size, with an emphasis on the successful design, synthesis and characterization of all kinds of hierarchically porous materials using different synthesis strategies. It details formation mechanisms related to different synthesis strategies while also introducing natural phenomena of hierarchy and perspectives of hierarchical science in polymers, physics, engineering, biology and life science.Examples are given to illustrate how to design an optimal hierarchically porous material 606 $aPorous materials 615 0$aPorous materials. 676 $a620.1/16 676 $a620.116 701 $aSu$b Bao-Lian$01646769 701 $aSanchez$b Cle?ment$0802325 701 $aYang$b Xiao-Yu$01646770 801 0$bMiAaPQ 801 1$bMiAaPQ 801 2$bMiAaPQ 906 $aBOOK 912 $a9910817009503321 996 $aHierarchically structured porous materials$93993930 997 $aUNINA